[Event "Titled Tuesday intern op 11th Jul Early"]
[Site "Chess.com INT"]
[Date "2023.07.11"]
[Round "6"]
[White "Hrescak, Ivana"]
[Black "Buscar, Michael"]
[Result "1-0"]
[WhiteElo "2117"]
[BlackElo "2041"]
[PlyCount "81"]
[EventDate "2023.07.11"]
[EventType "swiss (blitz)"]
[EventRounds "11"]
[EventCountry "USA"]
[SourceTitle "EXT 2024"]
[Source "ChessBase"]
[SourceDate "2023.10.10"]
[SourceVersion "1"]
[SourceVersionDate "2023.10.10"]
[SourceQuality "1"]

1. e4 c5 2. Nf3 Nc6 3. Bb5 Nf6 4. Nc3 g6 5. Bxc6 bxc6 6. e5 Nd5 7. Nxd5 cxd5 8. d4 Ba6 9. dxc5 Qa5+ 10. c3 Qxc5 11. Be3 Qb5 12. Qd2 Bg7 13. Nd4 Qc4 14. f4 Rb8 15. b3 Qd3 16. Qxd3 Bxd3 17. 0-0-0 Be4 18. Rd2 0-0 19. Kb2 f6 20. exf6 Bxf6 21. Nf3 e6 22. Rf1 Rbc8 23. Bd4 Be7 24. Rff2 Rxf4 25. Bxa7 Ra8 26. Bd4 Ba3+ 27. Ka1 g5 28. b4 g4 29. Ne5 Raf8 30. g3 Rxf2 31. Rxf2 Rxf2 32. Bxf2 d6 33. Nc6 e5 34. Be3 Kf7 35. Na7 d4 36. cxd4 Bxb4 37. Kb2 exd4 38. Bxd4 Ke6 39. Nb5 Kd5 40. Bg7 Bc5 41. Nc3+ 1-0